Malá encyklopédia public relations. 14 Ako zvládnuť vystupovanie v médiách
Príprava vystúpenia v masmédiách. Špecifiká pre televíziu, rozhlas, tlač. Interview.
Na minha lista:
| Autor principal: | |
|---|---|
| Formato: | Capítulo de Livro |
| Idioma: | eslovaco |
| Assuntos: | |
| Tags: |
Sem tags, seja o primeiro a adicionar uma tag!
|
MARC
| LEADER | 00000naa a2200000 4500 | ||
|---|---|---|---|
| 001 | r015749 | ||
| 005 | 20221213114544.7 | ||
| 041 | 0 | |a slo | |
| 044 | |a SK | ||
| 245 | 1 | 0 | |a Malá encyklopédia public relations. 14 |b Ako zvládnuť vystupovanie v médiách |c Ivan Žáry |
| 520 | |a Príprava vystúpenia v masmédiách. Špecifiká pre televíziu, rozhlas, tlač. Interview. | ||
| 610 | 2 | 0 | |a práca s verejnosťou |
| 610 | 2 | 0 | |a prostriedky masovokomunikačné |
| 610 | 2 | 0 | |a metodika |
| 100 | 1 | |a Žáry, Ivan | |